000 01423nam a2200265Ia 4500
005 20220316235413.0
008 121119s1996 ck gr 000 p spa
020 _a9583600296
041 0 _aspa
100 1 _aQuevedo y Villegas, Francisco de,
_d1580-1645
245 1 0 _aPoemas de amor, de pasión y de muerte
_cFrancisco Gómez de Quevedo y Villegas ; selección y prólogo de Daniel Samper Pizano
250 _aPrimera edición
264 1 _aBogotá
_bEl Áncora
_c1996
300 _a164 páginas
_c21 cm
336 _atexto
_btxt
_2rdacontent
337 _asin mediación
_bn
_2rdamedia
338 _avolumen
_bnc
_2rdacarrier
505 3 _aQué otra cosa es verdad sino pobreza. Un nuevo corazón, un hombre nuevo. Miré los muros de la patria mía. Dichoso tú, que, alegre en tu cabaña. El barro, que me sirve, me aconseja. El metal animado. Bujscas en Roma a Roma oh, pergrino. A la naturaleza de hermosura. Las luces sacras, el augusto día. Si en el loco mamâs hubo esperanza. Por la cumbre de un monte levantado. Es hielo abrasador, es fuego helado. Después que te conocí. En breve cárcel traigo aprisionado. Si dios eres, amor cuál es tu cielo?.
650 1 4 _2LEMB
_aPoesía española
_ySiglo de oro
650 1 4 _2LEMB
_aLiteratura española
_ySiglo XVII
700 1 _aSamper Pizano, Daniel
_d1945-
_ecompilador
_93980
942 _2loc
_cBKLIT
040 _aCO-BoRNBP
_bspa
_erda
_cCO-BoRNBP
084 _aP QUE2
999 _c857
_d857